Central Library OPAC University of Rajshahi

Law of arms in Pakistan : (Record no. 67041)

MARC details
000 -LEADER
fixed length control field 00962nam a2200229 a 4500
001 - CONTROL NUMBER
control field 67041
003 - CONTROL NUMBER IDENTIFIER
rucl marc code BD-RjUL
005 - DATE AND TIME OF LATEST TRANSACTION
control field 20211209081617.0
008 - FIXED-LENGTH DATA ELEMENTS--GENERAL INFORMATION
fixed length control field 170322s1953 pk a 001 0 eng d
035 ## - SYSTEM CONTROL NUMBER
System control number (BD-RjUL)67172
040 ## - CATALOGING SOURCE
Original cataloging agency DLC
Transcribing agency DLC
Modifying agency BD-RjUL
Language of cataloging eng
041 ## - LANGUAGE CODE
Language code of text/sound track or separate title eng
082 ## - DEWEY DECIMAL CLASSIFICATION NUMBER
Edition number 23
Classification number 345.05491
Author mark and year NIL 1953
100 ## - MAIN ENTRY--PERSONAL NAME
Personal name Nizamy, Mazhar Hasan
9 (RLIN) 169526
245 00 - TITLE STATEMENT
Title Law of arms in Pakistan :
Remainder of title with Explosives act, 1884 & Explosive substances act, 1908 containing the Arms act, 1878, Arms rules, 1924, rules & orders of the various provincial Govts. in Pakistan regarding arms, ammunitions & military stores; the Explosives act, 1884, rules made under the act and the Explosive substances act, 1908 /
Statement of responsibility, etc. by Mazhar Hasan Nizamy.
250 ## - EDITION STATEMENT
Edition statement 2d ed.
260 ## - PUBLICATION, DISTRIBUTION, ETC. (IMPRINT)
Place of publication, distribution, etc. Lahore :
Name of publisher, distributor, etc. All-Pakistan Legal Decisions,
Date of publication, distribution, etc. 1953.
300 ## - PHYSICAL DESCRIPTION
Pagination xii, 308 p. :
Illustrations ill. ;
Size 24 cm.
500 ## - GENERAL NOTE
General note Include Index.
650 ## - SUBJECT ADDED ENTRY--TOPICAL TERM
Topical term or geographic name as entry element Criminal law
Geographic subdivision Pakistan.
9 (RLIN) 198558
942 ## - ADDED ENTRY ELEMENTS (KOHA)
Source of classification or shelving scheme Dewey Decimal Classification
Koha item type Books
Holdings
Lost status Source of classification or shelving scheme Damaged status Not for loan Collection code Permanent Location Current Location Shelving location Date acquired Source of acquisition Cost, normal purchase price Total Checkouts Full call number Date last seen Copy number Koha item type
  Dewey Decimal Classification   Not For Loan Non-fiction Central Library, University of Rajshahi Central Library, University of Rajshahi Reading Room 09/12/2021 Pak Literature Palace 8.00   345.05491 NIL 1953 22/03/2017 C-1 Books